Cities by Museum - Statistics

General Stats
  • This quiz has been taken 63 times
  • The average score is 16 of 20
Answer Stats
Picture Hint Answer % Correct
Louvre Paris
100%
Vatican Museums Rome
100%
Van Gogh Museum Amsterdam
96%
Museum Acropolis Athens
96%
Tate Britain London
96%
Metropolitan Museum New York City
96%
National Egyptian Museum Cairo
95%
Galleria degli Uffizi Florence
85%
Hermitage Saint Petersburg
85%
Prado Museum Madrid
84%
State Tretyakov Galllery Moscow
84%
Guggenheim Museum Bilbao
80%
_____ National Museum Tokyo
71%
National Air and Space Museum Washington, D. C.
69%
Pergamon Museum Berlin
67%
Museum of Future Dubai
64%
National Museum of ____ Seoul
49%
Louvre ___________ Abu Dhabi
47%
Alte Pinakothek Munich
47%
M+ Hong Kong
38%
No matching quizzes found
Score Distribution
Percent of People with Each Score
Percentile by Number Answered
Your Score History
You have not taken this quiz